000
00282nam a2200121Ia 4500
008
250417s9999||||xx |||||||||||||| ||und||
020
_a
9788132107507
082
_a
150.1988 SNY
100
_a
C.R. Snyder
245
0
_a
Positive psychology
260
_b
Sage Publications
942
_c
BK
999
_c
6793
_d
6793